| 000 | 00851 a2200205 4500 | ||
|---|---|---|---|
| 001 | 58024 | ||
| 005 | 20260407155840.0 | ||
| 008 | 260407a1972 arg spa d | ||
| 003 | AR-UNSa-BCEJYS | ||
| 040 |
_aAR-UNSa-BCEJYS _bspa _cAR-UNSa-BCEJYS |
||
| 080 |
_a347.1/7(094.4) _xCódigo Civil y Comercial |
||
| 245 | 1 | 0 |
_aCódigo de Procedimiento Civil y Comercial y Leyes complementarias _pProvincia de Córdoba |
| 264 | 1 |
_aCórdoba : _bEdiciones Lerner _c1972 |
|
| 300 |
_a507 p. _c23 cm. |
||
| 505 | _a1. Disposiciones comunes a la jurisdicción contenciosa y a la voluntaria – 2. De los juicios – 3. De los actos de jurisdicción voluntaria – 4. De los recursos y de la segunda instancia – 5. Legislación complementaria | ||
| 041 | _aspa | ||
| 942 | _cBK | ||
| 590 | _aniveau_biblio:m niveau_hierar:0 | ||
| 100 | 1 | _aClariá Olmedo, Jorge A. | |
| 999 |
_c6392 _d6392 |
||